300 popular music artists by song - Statistics

General Stats
  • This quiz has been taken 246 times
  • The average score is 62 of 272
Answer Stats
Hint Answer % Correct
Billie Jean Michael Jackson
88%
Bohemian Rhapsody Queen
83%
Jailhouse Rock Elvis Presley
79%
In da club 50 cent
76%
Hotel California Eagles
76%
Dancing Queen Abba
72%
Lose yourself Eminem
72%
Smells like teen spirit Nirvana
72%
Take on me a-ha
70%
Thunderstruck AC/DC
68%
Here comes the sun Beatles
68%
Rocket man Elton John
68%
Cruel Summer Taylor Swift
68%
Yellow Coldplay
66%
Hips don't lie Shakira
66%
California girls Katy Perry
65%
Every breath you take The police
63%
Irreplaceable Beyonce
61%
Livin' on a prayer Bon Jovi
60%
24k magic Bruno mars
59%
Moves like jagger maroon 5
59%
Rehab Amy winehouse
57%
Uptown girl Billy Joel
57%
Royals Lorde
57%
Wonderwall Oasis
57%
7 rings Ariana Grande
56%
Staying alive Bee Gees
56%
Welcome to the Jungle Guns N'roses
56%
Stairway to heaven Led Zeppelin
56%
Africa Toto
56%
I want it that way Backstreet Boys
55%
It's Five O'Clock Somewhere Alan Jackson
54%
Enter Sandman Metallica
54%
Paint it black Rolling stones
54%
Born in the usa Bruce Springsteen
53%
Don't stop Believin' Journey
53%
summer of 69' Bryan Adams
51%
Drop it like it's hot Snoop Dogg
51%
Sweet Caroline Neil Diamond
49%
Dream on Aerosmith
48%
Wouldn't it be nice Beach Boys
48%
What's my name Rihanna
47%
Basket case Green Day
46%
Eye of the tiger Survivor
46%
bye bye bye Nsync
45%
Under Pressure David Bowie
44%
Go your own way Fleetwood Mac
44%
U can't touch this Mc hammer
44%
In the air tonight Phil Collins
44%
Sunday bloody sunday u2
44%
Sweet Home Alabama Lynyrd Skynyrd
43%
Another brick wall Pink Floyd
43%
Everybody wants to rule the world Tears for fears
43%
More than a feeling Boston
42%
Get lucky Daft punk
42%
What a wonderful world Louis Armstrong
42%
Super Bass Nicki Minaj
42%
Seven nation army The white stripes
42%
Believer Imagine Dragons
41%
Friday I'm in love The cure
41%
Touch the sky Kanye west
40%
Superstitions Stevie Wonder
40%
Too Good Drake
39%
I walk the line Johnny Cash
39%
Brown eyed girl Van Morrison
39%
Everlong Foo Fighters
37%
Purple Haze Jimi Hendrix
37%
Iron man Black Sabbath
36%
American pie Don McLean
36%
Ain't no mountain high enough Marvin Gaye
36%
All of me John Legend
35%
Luther Kendrick Lamar
35%
Changes 2pac
34%
Come on Eileen Dexys Midnight runners
34%
Intentions Justin Bieber
34%
I had some help Post Malone
34%
Miami Will Smith
34%
Run this town Jayz
33%
Down under Men at work
33%
Blurred Lines Robin Thicke
33%
Panini Lil Nas x
32%
In the end Linkin park
32%
Taste Sabrina Carpenter
32%
The next episdoe Dr.Dre
31%
Low Flo Rida
30%
Piece by piece Pharrell Williams
30%
It wasn't me Shaggy
30%
Let's groove Earth, wind & fire
29%
Sweet Escape Gwen Stefani
28%
margaritaville Jimmy Buffett
28%
Riptide Vance Joy
28%
Pump it Black eyed peas
27%
Lollipop Lil wayne
27%
Whatever you like T.I.
27%
Smack that Akon
26%
We belong together Mariah Carey
26%
Zephyr Song Red Hot Chili Peppers
26%
It's tricky Run-DMC
26%
1979 Smashing Pumpkins
26%
I won't back down Tom petty
26%
Hypnotize Biggie smalls
25%
Kiss me more Doja cat
25%
Take me out Franz Ferdinand
25%
It was a good day Ice Cube
25%
Use somebody kings of leon
25%
Can't hold us Macklemore
25%
Hotel Room service Pitbull
25%
My girl The temptations
25%
I wanna be yours arctic monkeys
24%
Country Girl Luke Bryan
24%
Under the influence Chris Brown
23%
Lucid dreams Juice Wrld
23%
Are we still friends Tyler the creator
23%
Low rider War
23%
Island in the sun Weezer
23%
Revival Zach Bryan
23%
Golden Harry Styles
22%
Good day Sza
21%
Lovely Day Bill Withers
20%
centuries Fall out boy
20%
The box Roddy Ricch
20%
All these things that I've done The killers
20%
Thank God I'm a country boy John Denver
19%
If I ruled the world Nas
19%
I ain't worried OneRepublic
19%
Last nite The strokes
19%
I know Travis Scott
19%
In the summertime Mungo Jerry
18%
Calm down Selena gomez
18%
Drive by Train
18%
Starboy Weekend
18%
Bar song (tipsy) Shaboozey
17%
Ride Wit me Usher
17%
DtMF Bad Bunny
16%
Is this love Bob marley
16%
Wasted guitars Def leppard
16%
Thank you Dido
16%
End of Beginning Djo
16%
American Boy Estelle
16%
Trap Queen Fetty Wap
16%
Pursuit of happiness Kid Cudi
16%
The spins Mac Miller
16%
Once in a lifetime Talking Heads
16%
The less I know the better Tame Impala
16%
This is how we do it Montell Jordan
15%
Express Yourself N.W.A
15%
Get busy Sean Paul
15%
Two princes spin doctors
15%
Waiting on the world to change John Mayer
14%
Hurts so good John Mellencamp
14%
Time to pretend Mgmt
13%
The way you move Outkast
13%
Escape (Pina colada song) Rupert Holmes
13%
Ophelia The lumineers
13%
Semi-charmed life Third Eye blind
13%
Lost Frank Ocean
12%
That's so true Gracie Abrams
12%
Dancing in the moonlight Toploader
12%
Sundress ASAP Rockky
11%
Rockstar Dababy
11%
What's poppin Jack Harlow
11%
Upside down Jack Johnson
11%
want to want me Jason Derulo
11%
Drip too hard Lil Baby
11%
Last night Morgan Wallen
11%
My way Calvin Harris
10%
Build me up buttercup The foundations
10%
Bust a move young mc
10%
A lot 21 savage
9%
Love sosa Chief Keef
9%
Stir fry Migos
9%
Alright Supergrass
9%
Stay The kid Laroi
9%
Protect ya neck Wu-tang clan
9%
Midnight rider Allman Brothers
8%
Can I kick it? A Tribe called quest
8%
Party up DMX
8%
Save Tonight Eagle-eye cherry
8%
Solo Future
8%
Tongue Tied Grouplove
8%
Back on 74 Jungle
8%
20 min Lil uzi vert
8%
Freaking out the neighborhood Mac Demarco
8%
Hell n back Bakar
7%
Heartbeat Childish Gambino
7%
Move on up Curtis Mayfield
7%
I don't wanna wait David Guetta
7%
Brazil Declan Mckenna
7%
We are the people Empire of the sun
7%
Box of rain Grateful Dead
7%
Work out J cole
7%
Rollout Ludacris
7%
Amber 311
6%
Family ties Baby Keem
6%
3 nights Dominic Fike
6%
one of wun Gunna
6%
Jump in the line Harry Belafonte
6%
ispy Kyle,Lil yachty
6%
When it rains it pours Luke Combs
6%
Midnight city M83
6%
Animal Neon trees
6%
Fire Burning Sean Kingston
6%
Doin time Sublime
6%
Sweet Disposition Temper trap
6%
Million Dollar Baby Tommy Richman
6%
The thrill Wiz khalifa
6%
Run-around Blues Traveler
5%
Gangsta's Paradise Coolio,L.V
5%
Sit next to me Foster the people
5%
Ransom Lil tecca
5%
Like that Metro Boomin
5%
1901 Phoenix
5%
Rapstar Polo G
5%
Dior Pop smoke
5%
Send me on my way Rusted Root
5%
Electric love Borns
4%
Wagon wheel Darius Rucker
4%
You make my dreams come true Darryl hall & John Oates
4%
Out of my League Fitz and the tantrums
4%
Kilby Girl The backseat lovers
4%
Carry you home Alex warren
3%
Left hand free alt-j
3%
You should probably leave Chris Stapleton
3%
Hide away Daya
3%
You are my high Dj Snake
3%
Cardigan Don Toliver
3%
surround sound JID
3%
Zeze Kodak Black
3%
Stargazing Myles Smith
3%
You Enjoy Myself Phish
3%
Jump on it Sir mix-a-lot
3%
The race Tay-k
3%
Toes Zac Brown Band
3%
act ii: date @ 8 4batz
2%
Superstar Lupe Fiasco
2%
Belong together Mark ambor
2%
King without his crown Matisyahu
2%
Going bad Meek Mill
2%
Classic Mtko
2%
Young Folks Peter Bjorn and John
2%
All for you Sister Hazel
2%
Magic in the hamptons Social House
2%
Feathered Indians Tyler Childers
2%
I think I like when it rains Willis
2%
Drowing A boogie wit da hoodie
1%
Crazy Rap Afroman
1%
More than friends Aidan Bissett
1%
Sunburn Almost Monday
1%
The Largest BigXthaPlug
1%
Trouble Cage the elephant
1%
Neille Dr. Dog
1%
Budapest George Erza
1%
Madhuvan Goose
1%
Lemonade Internet money
1%
Little things Jorja Smith
1%
Sound of sunshine Michael Franti
1%
Ballin Mustard
1%
Sunroof Nicky youre
1%
Camelot Nle choppa
1%
Dial Drunk Noah Kahn
1%
Lil boo thang Paul Russell
1%
Over Playboi carti
1%
Friday Riton
1%
Disco Surf Curse
1%
Home Good neighbors
0%
Rattlesnake Jack Van cleaf
0%
Body Loud Luxury
0%
Buster Moe
0%
Silver lining Mt. Joy
0%
Come as you are Niravana
0%
Ric flair drip Offsett
0%
Up up Sandollar
0%
No matching quizzes found
Score Distribution
Percent of People with Each Score
Percentile by Number Answered
Your Score History
You have not taken this quiz